000 00594nam a2200181 i 4500
001 108238
003 ES-MaACL
005 20230906184615.0
007 t|
008 061121s1973 sp r ||||1| spa d
100 1 _aMoll, Francesc de B. (
_d1903-1991)
_982033
245 1 3 _aLa lengua de las Baleares /
_cFrancesc de B. Moll.
260 _aPalma de Mallorca :
_bMiramar,
_c1973.
300 _a3 v. :
_bil ;
_c22 cm.
500 _aEl tercer vol. pertenece a la 2ª ed.
650 4 _aLengua catalana-
_xDialectos-
_xBaleares (Comunidad Autónoma)
_914100
852 _aES-MaACL
_jP-1749
_bR.81080
999 _c108238
_d108238